Szegedi pszichológiai tanulmányok 2004

Elmentve itt :
Bibliográfiai részletek
További közreműködők: Németh Dezső
Dokumentumtípus: Könyv
Megjelent: SZTE Juhász Gyula Felsőoktatási Kiadó Szeged 2004
Sorozat:Szegedi pszichológiai tanulmányok
Kulcsszavak:Pszichológia - kognitív - tanulmányok
Tárgyszavak:
Online Access:http://acta.bibl.u-szeged.hu/75312
LEADER 00755nam a2200205 i 4500
001 acta75312
005 20220420143648.0
008 220407s2004 hu o 0|| hun d
020 |a 963 9167 94 0 
040 |a SZTE Egyetemi Kiadványok Repozitórium  |b hun 
041 |a hun 
245 0 0 |a Szegedi pszichológiai tanulmányok   |h [elektronikus dokumentum] :  |b 2004 
260 |a SZTE Juhász Gyula Felsőoktatási Kiadó  |b Szeged  |c 2004 
300 |a 109  |c 24 cm 
490 0 |a Szegedi pszichológiai tanulmányok 
650 4 |a Társadalomtudományok 
650 4 |a Pszichológia 
695 |a Pszichológia - kognitív - tanulmányok 
700 0 1 |a Németh Dezső 
856 4 0 |u http://acta.bibl.u-szeged.hu/75312/1/szegedi_pszichologiai_tanulmanyok_2004.pdf  |z Dokumentum-elérés